000
00232nam a22000857a 4500
008
160917b xxu||||| |||| 00| 0 eng d
100
_9
635
_a
Sial.S.etal
245
_a
English CCE.Manuel-IX
260
_a
New Delhi
_b
S. Chand Publications
_c
2012
999
_c
3294
_d
3294